Communication skill for technical students / (Record no. 57397)

MARC details
000 -LEADER
fixed length control field 00705nam a22002057a 4500
005 - DATE AND TIME OF LATEST TRANSACTION
control field 20111007144235.0
010 ## - LCCN (DPL NO)
LC control number G-001689
020 ## - INTERNATIONAL STANDARD BOOK NUMBER
International Standard Book Number 9788181982728
Terms of availability 495.00
035 ## - SYSTEM CONTROL NUMBER
System control number G-001689
037 ## - SOURCE OF ACQUISITION
Source of stock number/acquisition Gift
082 ## - DEWEY DECIMAL CLASSIFICATION NUMBER
Classification number 485
100 ## - MAIN ENTRY--PERSONAL NAME
Personal name Varde, C.S.
245 ## - TITLE STATEMENT
Title Communication skill for technical students /
Statement of responsibility, etc by C.S. Varde
260 ## - PUBLICATION, DISTRIBUTION, ETC. (IMPRINT)
Place of publication, distribution, etc Jaipur
Name of publisher, distributor, etc University Book House
Date of publication, distribution, etc 2010
270 ## - ADDRESS
Address 79, Chaura Rasta
City Jaipur
Postal code 03
300 ## - PHYSICAL DESCRIPTION
Extent 194p.:
Dimensions 22cm (Hb)
942 ## - ADDED ENTRY ELEMENTS (KOHA)
Source of classification or shelving scheme Dewey Decimal Classification
Item type English Books
Call number suffix VAR
Classification part 485
Holdings
Withdrawn status Lost status Not for loan Collection code Home library Current library Date acquired Source of acquisition Cost, normal purchase price Full call number Barcode Copy number Cost, replacement price Koha item type
      Non-fiction Janak Puri Janak Puri 07/10/2011 gift 495.00 485 VAR G-001689 1 495.00 English Books

© Delhi Public Library
Hit Counter
free hit counter